¿Quién gobierna Estados Unidos? / (Registro nro. 22303)
[ vista simple ]
| 000 -CABECERA | |
|---|---|
| campo de control de longitud fija | 00766nam a2200229 a 4500 |
| 001 - NÚMERO DE CONTROL | |
| campo de control | 000022806 |
| 005 - FECHA Y HORA DE LA ÚLTIMA TRANSACCIÓN | |
| campo de control | 20200930021816.0 |
| 008 - DATOS DE LONGITUD FIJA--INFORMACIÓN GENERAL | |
| campo de control de longitud fija | 101118s1973 mx r 000 0 spa d |
| 040 ## - FUENTE DE LA CATALOGACIÓN | |
| Centro catalogador/agencia de origen | DO-SdBNP |
| Lengua de catalogación | spa |
| Centro/agencia transcriptor | BNPHU |
| 082 ## - NÚMERO DE LA CLASIFICACIÓN DECIMAL DEWEY | |
| Número de clasificación | 320.973 |
| Número de documento/Ítem | D668q |
| 049 ## - FONDOS LOCALES (OCLC) | |
| Fondos de biblioteca | BNGR |
| 100 1# - ENTRADA PRINCIPAL--NOMBRE DE PERSONA | |
| Nombre de persona | Domhoff, G. William. |
| 9 (RLIN) | 46850 |
| 245 11 - MENCIÓN DE TÍTULO | |
| Título | ¿Quién gobierna Estados Unidos? / |
| Mención de responsabilidad, etc. | G. William Domhoff ; traducción de Carlos Gerhard. |
| 250 ## - MENCIÓN DE EDICIÓN | |
| Mención de edición | 5ta ed. |
| 260 ## - PUBLICACIÓN, DISTRIBUCIÓN, ETC. | |
| Lugar de publicación, distribución, etc. | México, D. F. : |
| Nombre del editor, distribuidor, etc. | Siglo Veintiuno, |
| Fecha de publicación, distribución, etc. | 1973. |
| 300 ## - DESCRIPCIÓN FÍSICA | |
| Extensión | 250 p. ; |
| Dimensiones | 18 cm. |
| 490 1# - MENCIÓN DE SERIE | |
| Mención de serie | Sociología y política |
| 651 #4 - PUNTO DE ACCESO ADICIONAL DE MATERIA--NOMBRE GEOGRÁFICO | |
| Nombre geográfico | Estados Unidos |
| Subdivisión geográfica | Política Y Gobierno |
| 9 (RLIN) | 46851 |
| 651 #4 - PUNTO DE ACCESO ADICIONAL DE MATERIA--NOMBRE GEOGRÁFICO | |
| Nombre geográfico | Estados Unidos |
| Subdivisión geográfica | Condiciones Económicas |
| 9 (RLIN) | 46852 |
| 700 1# - PUNTO DE ACCESO ADICIONAL--NOMBRE DE PERSONA | |
| Nombre de persona | Gerhard, Carlos, |
| Término indicativo de función/relación | tr. |
| 9 (RLIN) | 5131 |
| 830 #0 - PUNTO DE ACCESO ADICIONAL DE SERIE-TÍTULO UNIFORME | |
| Título uniforme | Sociología y política |
| 9 (RLIN) | 17789 |
| Estado de retiro | Estado de pérdida | Restricciones de uso | No para préstamo | Código de colección | Localización permanente | Ubicación/localización actual | Ubicación en estantería | Fecha de adquisición | Número de inventario | Total de préstamos | Signatura topográfica completa | Código de barras | Fecha visto por última vez | Precio válido a partir de | Tipo de ítem Koha |
|---|---|---|---|---|---|---|---|---|---|---|---|---|---|---|---|
| Monografías: Libros y Folletos | General | General | En catalogación | 18.11.2010 | LF1 | 320.973 D668q | 22806-10 | 25.06.2020 | 25.06.2020 | Préstamo en sala |
